00699nam a2200181Ia 4500952013900000999001700139003000400156005001700160008004100177020001500218040000900233082002100242100003500263245010400298260005800402300000900460942004800469 00102ddc40708PRODUCTIONaMESbMEScECO d2019-02-20g175.00l0o338.10954 SHR/Ap23118r2019-02-20 00:00:00w2019-02-20yBKzGL7R3 c20537d20537OSt20200602143728.0190216s9999||||xx |||||||||||||| ||und|| a8121500508 coclc a338.10954bSHR/A aShrimali, Krishna Mohan 92495 0aAgrariaan Structure In Central India And The Northern Deccan (AD 300-500) /cKrishna Mohan Shrimali bMunshiram Manoharlal Pub Pvt Ltd,c1987.aNew Delhi: a135p cBK2ddch338.10954iSHR/Ak338.10954mSHR/A